00452nam a2200145Ia 4500008004100000082001200041082000800053245010100061245000800162260000800170300000900178942000800187999001900195952009200214231017s9999 xx 000 0 und d a624.183 bBSI 0aCode of Practice for the use of Masonry: Part 3: Materials and Components Design and Workmanship 0cBSI bBSI c30cm cREP c603873d603873 00104070aNITbNITd2023-10-17l0o624.183 BSIpNIT-2904r2023-10-17w2023-10-17yREP